000 01091nam a2200301Ia 4500
001 15457
003 IT-RoPAU
008 130308s9999 xx 000 0 und d
040 _aIT-RoPAU
040 _cIT-RoPAU
041 _aITALIANO
100 _aAlberione Giacomo
100 _gCodice Aut. SPICS: 10028
245 _aStrumenti di comunicazione sociale (Gli)
245 _bStrumenti di Comunicazione Sociale (Gli)
250 _a1a ed.
260 _aROMA
260 _bEdizioni Paoline Fsp
260 _c1964 [1° Ed.:1964 - Ed.Ling.Originale:1964]
300 _a"72 p. (prefazione: no ; testo: 72 [pagine: 0-0])"
500 _aApostolato del Cinema Apostolato della Stampa Radio e Televisione Benedizione Dello Stabilimento Cinematografico 1955 Formazione di una Giusta Coscienza Circa L'Apostolato del Cinema Cinema e Rosario Apostolato in Spirito di Riparazione Redimere Il Cinema Approvazione dell'Apostolato Paolino
650 _aSCRITTI DI GIACOMO ALBERIONE
650 _eCodice materia Spics: 9901
942 _cBK
957 _71
999 _c76228
_d76228
999 _bSI
999 _g6